Las crisis, el desempleo y las redes de protección social. Explorando nuevas fronteras /

Guardado en:
Bibliografiske detaljer
Hovedforfatter: Iglesias, Enrique V.
Format: Texto
Fag:
Tags: Tilføj Tag
Ingen Tags, Vær først til at tagge denne postø!

MARC

LEADER 00000 a a2200000 04500
001 44786
003
040
100 |a Iglesias, Enrique V.  
245 |a Las crisis, el desempleo y las redes de protección social.  |b Explorando nuevas fronteras /  |c Enrique V. Iglesias  
650 |a DESEMPLEO  
650 |a CRISIS ECONOMICA  
650 |a DESEMPLEO  
650 |a PROGRAMAS DE AYUDA  
773 |g páginas 197-201  
999 |c 23120  |d 23120